000 00674nam a2200217Ii 4500
003 JO-AjNU
008 230605s9999||||xx |||||||||||||| ||und||
017 _a1999/9/1675
040 _aJO-AjNU
_bara
_erda
_cJO-AjNU
041 _aara
050 1 4 _aHB172.S5822.2003
100 3 _aصوان،محمود حسن,
_eauthor
_931582
245 0 0 _aاساسيات الاقتصاد الجزئي
250 _aط2
264 3 1 _aعمان:دار المناهج للنشر والتوزيع،2003
300 _a267ص
336 _atext
_btxt
_2rdacontent
337 _aunmediated
_bn
_2rdamedia
338 _avolume
_bnc
_2rdacarrier
650 4 _aالاقتصاد الجزئي
_931583
999 _aA12647
_c16215
_d16215